Espiritualidad del discípulo misionero: 100 pistas del camino la Aparecida

Uloženo v:
Podrobná bibliografie
Hlavní autor: Jaramillo Rivas, Pedro (Autor)
Médium: Kniha
Jazyk:španělština
Vydáno: Bilbao Desclée De Brouwer 2008
Témata:
Tagy: Přidat tag
Žádné tagy, Buďte první, kdo vytvoří štítek k tomuto záznamu!

MARC

LEADER 00000cam a2200000 a 4500
001 UCI9635
003 CL-VaPUC
008 081128e20080000SP |||||||||||||||||spa|d
020 |a 9788433022394 
082 0 4 |a 266.66  |b JAR  |2 21 
100 |a Jaramillo Rivas, Pedro  |e author  |9 597751 
245 1 0 |a Espiritualidad del discípulo misionero: 100 pistas del camino la Aparecida 
300 |a 175 p 
942 |c BK 
945 |d 20081128 00:00:00  |a jtorresc 
260 |a Bilbao  |b Desclée De Brouwer  |c 2008 
650 7 |a MISIONES CRISTIANAS  |2 CL-VaPUC  |9 469982 
650 7 |a DISCIPULOS  |2 CL-VaPUC  |9 389595 
650 7 |a EVANGELIZACION  |2 CL-VaPUC  |9 533482 
650 0 |a Vocación religiosa  |9 392452 
650 0 |a Teología pastoral   |9 257832 
650 0 |a Problemas sociales  |9 258537 
583 |a last modification  |c 20131018 06:16:00  |k Rodrigo Vera 
999 |c 332129  |d 332127 
952 |0 0  |1 0  |4 0  |6 266_660000000000000_JAR_2008  |7 0  |8 A  |9 419539  |a BIBTEO  |b BIBTEO  |d 2019-11-22  |i 4500032  |o 266.66 JAR 2008  |p 4500032  |r 2025-01-17  |w 2019-11-22  |y BK  |k ICR 
952 |0 0  |1 0  |3 erb  |4 0  |6 266_660000000000000_JAR_2008  |7 0  |8 A  |9 419540  |a BIBTEO  |b BIBTEO  |d 2019-11-22  |i 5023289  |o 266.66 JAR 2008  |p 5023289  |r 2025-01-17  |w 2019-11-22  |y BK  |z Catalogado en:20131025  |k ICR